| 000 | 01140nam a22003257a 4500 | ||
|---|---|---|---|
| 003 | CHAP | ||
| 005 | 20220329142450.0 | ||
| 008 | 010329d2000 mx rs o 11 spa d | ||
| 010 | _a83860 | ||
| 011 | _a84832 | ||
| 020 | _a970132935X | ||
| 035 | _a95358 | ||
| 040 | _cCHAP | ||
| 082 | 0 | 4 |
_a305.4 _bI5 2000 |
| 110 | 2 |
_aInstituto Nacional de Estadística, Geografía e Informática. México _959304 |
|
| 245 | 1 | 0 |
_aMujeres y hombres en México _c/por Instituto Nacional de Estadística, Geografía e Informática |
| 250 | _a4 ed. | ||
| 260 |
_aAguascalientes, Ags. : _bInstituto Nacional de Estadística, Geografía e Informática, _c2000. |
||
| 300 |
_a393 p. : _bgráfs. ; mapa |
||
| 590 |
_aBATCH-UPD _b10 _c20130110 _lUCH01 _h1210 |
||
| 590 |
_aBATCH-UPD _b10 _c20130410 _lUCH01 _h0749 |
||
| 590 |
_aBATCH-UPD _b10 _c20130914 _lUCH01 _h1619 |
||
| 590 |
_aCONVERSION _b10 _c20130109 _lUCH01 _h1347 |
||
| 650 | 1 | 4 |
_aHombre _xEstadísticas. _956038 |
| 650 | 1 | 4 |
_aMujer _xEstadísticas. _979322 |
| 901 | _aBK | ||
| 905 | _aLilia Sánchez G. | ||
| 942 | _cLIBRO | ||
| 949 |
_a305.4 I5 2000 _bBC _cINEGI _d33724000820502 _eINEGI _h100022 _i95358 _sb |
||
| 999 |
_c83860 _d83860 |
||